Podnikové hospodárstvo Praktikum

Gespeichert in:
Bibliographische Detailangaben
1. Verfasser: Satková, Blanka
Körperschaft: Ekonomická univerzita v Bratislave. Fakulta podnikového manažmentu
Format: Buch
Sprache:Slowakisch
Veröffentlicht: Bratislava EU 1994
Ausgabe:1. vyd.
Schlagworte:
Tags: Tag hinzufügen
Keine Tags, Fügen Sie das erste Tag hinzu!

MARC

LEADER 00000nam a2200000 4500
001 c005830
005 20221214074647.0
020 |a 80-225-0593-5 
041 0 |a slo 
044 |a SK 
245 1 0 |a Podnikové hospodárstvo  |b Praktikum  |c Blanka Satková a kol. 
250 |a 1. vyd. 
264 1 |a Bratislava  |b EU  |c 1994 
300 |a 212 s. 
610 2 0 |a hospodárstvo podnikové 
610 2 0 |a hospodárstvo trhové 
610 2 0 |a podnikanie 
610 2 0 |a ciele podnikové 
610 2 0 |a podnik 
610 2 0 |a práca 
610 2 0 |a majetok investičný 
610 2 0 |a majetok obežný 
610 2 0 |a odbyt 
610 2 0 |a financie podnikové 
100 1 |a Satková, Blanka 
710 2 |a Ekonomická univerzita v Bratislave. Fakulta podnikového manažmentu